• 首页
  • 本馆介绍
  • 公告通知
  • 最新文献
  • 馆藏检索
  • 电子资源
  • 读者导购
  • 参考咨询
  • 我的图书馆
  • 登录
  • 详细信息显示
  • 放入我的书架
  • 预约/预借图书
  • 作者相关作品
  • 分类相关作品
  • 丛书相关作品
  • 出版社相关作品

书目信息

  • 表格格式
  • 工作单格式
  • 卡片格式
题名:
中华民国史资料丛稿
    
 
作者: ;高书全 译 ;日本防卫厅防卫研究所战史室 著
分册:   译稿
出版信息: 北京   中华书局  1984
页数: 200页
开本: 26cm
丛书名:
单 册:
中图分类: K258.06
科图分类:
主题词: 中国--近代史--1912~1919
电子资源:
ISBN:
000 00991nam0 2200253 45
001 0185008785
005 20060427085312.45
010    @dCNY1.30
100    @a19930913d1984 emky0chiy0121 ea
101 1  @achi@cjpn
102    @aCN@b110000
105    @ay z 000yy
200 10 @a中华民国史资料丛稿@Azhong hua min guo shi zi liao cong gao@i译稿@i昭和十七、八(1942、1943)年的中国派遣军@i下@f日本防卫厅防卫研究所战史室著@Fri ben fang wei ting fang wei yan jiu suo zhan shi shi zhu@g高书全译
210    @a北京@c中华书局@d1984
215    @a200页@d26cm
517    @a昭和十七、八(1942、1943)年的中国派遣军@AZhao He Shi Qi、Ba(1942、1943)Nian De Zhong Guo Pai Qian Jun
517 1  @a译稿@Ayi gao
606 0  @a中国@x近代史@z1912~1919
690    @aK258.06@v4
702  0 @a高书全@Agao shu quan@4译
711 02 @a日本防卫厅防卫研究所战史室@Ari ben fang wei ting fang wei yan jiu suo zhan shi shi@4著
801  0 @aCN@b深圳图书馆@c20060427
801  2 @aCN@bNLC@c20060324
905    @dK258.06@e34:2
    
    中华民国史资料丛稿.译稿.昭和十七、八(1942、1943)年的中国派遣军.下/日本防卫厅防卫研究所战史室著/高书全译.-北京:中华书局,1984
    200页;26cm
    
    
    ISBN :CNY1.30
    
●
相关链接 在E读中查询图书 在五车中查询图书 在当当中查询图书 在豆瓣中查询图书


正题名:中华民国史资料丛稿     索取号:K258.06/34:2         预约/预借

序号 登录号 条形码 馆藏地/架位号 状态 备注
1 0158868   001293638   第二样本阅览室/ [索取号:K258.06/34:2] 在馆    
2 0158869   202290591   密集书库/ [索取号:K258.06/34:2] 在馆    
3 0158870   202290582   密集书库/ [索取号:K258.06/34:2] 在馆    
4 0158871   202239023   密集书库/ [索取号:K258.06/34:2] 在馆    
唐山师范学院图书馆 欢迎您!
大连网信软件有限公司© 版权所有